000 00328nam a2200133 i 4500
001 bg
100 1 _aStanisławski, Jan.
245 1 0 _aWielki słownik angielsko-polski :
_bO-Z /
_cJ. Stanisławski.
260 _aWarszawa,
_c1983.
040 _cBPK
041 _apol
942 _cKS
008 s pl f |000 0 pol
999 _c28388
_d28388
856 _uhttp://koha.tu.koszalin.pl/cgi-bin/koha/opac-detail.pl?biblionumber=28388
_yKatalog online BPK